Peep Show Quiz 2 - Statistics

General Stats
  • This quiz has been taken 481 times
  • The average score is 6 of 15
Answer Stats
Hint Answer % Correct
What is the name of the hippie dance class Mark goes to with Sophie? Rainbow Rhythms
95%
It was a picnic, how many flavours of crisps did Mark have? 3
91%
What colour cards does Jez have when he’s playing poker with Jeff? Red
76%
What soundtrack does Gogg not want the Honda ad to be anything like? Jaws
63%
What biscuit does Jeremy ask Tony to go back and have a look for? Gingernut
50%
What is the homeless man eating on Mark’s sofa? Sara Lee
47%
How much money does Mark leave to apologise to Mr Rashid? £10
39%
Speaking of Mr Rashid, what did he once sell Jez which made him really ill? Hummus
36%
What condoms does Mark buy for Jeff? Coloured
31%
Daryl is so hungry. What could he eat? A stapler
22%
What lager are Mark and Super Hans drinking in the hospital waiting room? Carling
16%
Who chewed off his own nackers? A Turkish shepherd
12%
What hall does Mark pretend to be staying in at Dartmouth? Keyser Soze
12%
Where is Tony getting his tummy rubbed? Lincoln
10%
What song does Mark sing to Sophie by the lake? A Nightingale sang in Berkeley Square
9%
No matching quizzes found
Score Distribution
Percent of People with Each Score
Percentile by Number Answered
Your Score History
You have not taken this quiz